<?xml version="1.0" encoding="UTF-8"?><?xml-stylesheet type="text/xsl" href="static/style.xsl"?><OAI-PMH xmlns="http://www.openarchives.org/OAI/2.0/" xmlns:xsi="http://www.w3.org/2001/XMLSchema-instance" xsi:schemaLocation="http://www.openarchives.org/OAI/2.0/ http://www.openarchives.org/OAI/2.0/OAI-PMH.xsd"><responseDate>2026-04-13T00:07:43Z</responseDate><request verb="GetRecord" identifier="oai:www.recercat.cat:2072/436457" metadataPrefix="marc">https://recercat.cat/oai/request</request><GetRecord><record><header><identifier>oai:recercat.cat:2072/436457</identifier><datestamp>2026-03-13T05:28:37Z</datestamp><setSpec>com_2072_98</setSpec><setSpec>col_2072_378192</setSpec></header><metadata><record xmlns="http://www.loc.gov/MARC21/slim" xmlns:dcterms="http://purl.org/dc/terms/" xmlns:xsi="http://www.w3.org/2001/XMLSchema-instance" xmlns:doc="http://www.lyncode.com/xoai" xsi:schemaLocation="http://www.loc.gov/MARC21/slim http://www.loc.gov/standards/marcxml/schema/MARC21slim.xsd">
   <leader>00925njm 22002777a 4500</leader>
   <datafield ind2=" " ind1=" " tag="042">
      <subfield code="a">dc</subfield>
   </datafield>
   <datafield ind2=" " ind1=" " tag="720">
      <subfield code="a">Martínez Villagrasa, Beatriz</subfield>
      <subfield code="e">author</subfield>
   </datafield>
   <datafield ind2=" " ind1=" " tag="260">
      <subfield code="c">2019</subfield>
   </datafield>
   <datafield ind2=" " ind1=" " tag="520">
      <subfield code="a">Fruto de investigaciones previas, se desarrolla la Creative Decoding Tool (CDT), una encuesta online que mide una serie de competencias centrales en los procesos creativos de los diseñadores y que resulta útil como herramienta para fomentar la reflexión personal. Además, la CDT proporciona una valiosa base de datos sobre estudiantes y profesionales del diseño de todo el mundo. El presente artículo analiza la primera muestra recogida, compuesta por 599 individuos. Los resultados preliminares permiten constatar la existencia de diferencias significativas en las competencias en función de características sociodemográficas y señalan la conveniencia de realizar nuevos análisis conforme la base de datos vaya aumentando.</subfield>
   </datafield>
   <datafield ind2=" " ind1=" " tag="520">
      <subfield code="a">Fruit d'investigacions prèvies, es desenvolupa la Creative Decoding Tool (CDT), una enquesta online que mesura una sèrie de competències centrals en els processos creatius dels dissenyadors i que resulta útil com a eina per fomentar la reflexió personal. A més, la CDT proporciona una valuosa base de dades sobre estudiants i professionals del disseny de tot el món. El present article analitza la primera mostra recollida, composta per 599 individus. Els resultats preliminars permeten constatar l'existència de diferències significatives en les competències en funció de característiques sociodemogràfiques i assenyalen la conveniència de realitzar noves anàlisis conforme la base de dades vagi augmentant.</subfield>
   </datafield>
   <datafield ind2=" " ind1=" " tag="520">
      <subfield code="a">As a result of previous research, the Creative Decoding Tool (CDT) is developed. An online survey that measures the core competencies in the creative processes of designers, and it is useful as a tool to encourage personal reflection. Also, the CDT provides a valuable database of students and design professionals from around the world. This paper analyzes the first collected sample, composed of 599 individuals. The preliminary results confirm the existence of significant differences in the competences scores according to sociodemographic characteristics. It also shows the convenience of carrying out new analyzes as the database grows.</subfield>
   </datafield>
   <datafield tag="653" ind2=" " ind1=" ">
      <subfield code="a">Diseño</subfield>
   </datafield>
   <datafield tag="653" ind2=" " ind1=" ">
      <subfield code="a">Competencias</subfield>
   </datafield>
   <datafield tag="653" ind2=" " ind1=" ">
      <subfield code="a">Creatividad</subfield>
   </datafield>
   <datafield tag="653" ind2=" " ind1=" ">
      <subfield code="a">Educación en diseño</subfield>
   </datafield>
   <datafield tag="653" ind2=" " ind1=" ">
      <subfield code="a">Disseny</subfield>
   </datafield>
   <datafield tag="653" ind2=" " ind1=" ">
      <subfield code="a">Competències</subfield>
   </datafield>
   <datafield tag="653" ind2=" " ind1=" ">
      <subfield code="a">Creativitat</subfield>
   </datafield>
   <datafield tag="653" ind2=" " ind1=" ">
      <subfield code="a">Educació en disseny</subfield>
   </datafield>
   <datafield tag="653" ind2=" " ind1=" ">
      <subfield code="a">Design</subfield>
   </datafield>
   <datafield tag="653" ind2=" " ind1=" ">
      <subfield code="a">Competencies</subfield>
   </datafield>
   <datafield tag="653" ind2=" " ind1=" ">
      <subfield code="a">Creativity</subfield>
   </datafield>
   <datafield tag="653" ind2=" " ind1=" ">
      <subfield code="a">Design education</subfield>
   </datafield>
   <datafield ind2="0" ind1="0" tag="245">
      <subfield code="a">Creative Decoding Tool : una herramienta para la medición de las competencias de los diseñadores. Análisis de los primeros resultados</subfield>
   </datafield>
</record></metadata></record></GetRecord></OAI-PMH>